header

The new digital shoreline (Record no. 137896)

MARC details
000 -LEADER
fixed length control field 01838nam a2200373 a 4500
082 04 - DEWEY DECIMAL CLASSIFICATION NUMBER
Classification number 378.1/7344678
100 1# - MAIN ENTRY--AUTHOR NAME
Personal name McHaney, Roger.
245 14 - TITLE STATEMENT
Title The new digital shoreline
250 ## - EDITION STATEMENT
Edition statement 1st ed.
260 ## - PUBLICATION, DISTRIBUTION, ETC. (IMPRINT)
Place of publication Sterling, Va. :
Name of publisher Stylus Pub.,
Year of publication 2011.
300 ## - PHYSICAL DESCRIPTION
Number of Pages xix, 247 p. :
Other physical details ill.
505 0# - FORMATTED CONTENTS NOTE
Formatted contents note Discovering a new shoreline -- Indigenous populations on the shoreline -- The new shoreline's topography: platforms for learning -- The new shoreline's topography: web 2.0 and social learning -- The new shoreline's topography: web 2.0 content, filtering, apps, and emergent behaviors -- What students are finding on the new shore -- Convergence on the new shoreline -- Taking the next step as a teacher.
650 #0 - SUBJECT ADDED ENTRY--TOPICAL TERM
Topical Term Internet in higher education.
Topical Term Web 2.0.
Topical Term Educational change.
Topical Term Generation Y.
856 40 - ELECTRONIC LOCATION AND ACCESS
Uniform Resource Identifier http://site.ebrary.com/lib/rucke/Doc?id=10545779

No items available.

© 2026 Rongo University
Contact us: librarian | system librarian | Rongo university